[Event "34. Abierto Ciudad de Sevilla"]
[Site "Sevilla ESP"]
[Date "2009.01.24"]
[Round "2.12"]
[White "De la Villa Garcia, Jesus Maria"]
[Black "Gentes Benito, Mauricio"]
[Result "1-0"]
[WhiteElo "2426"]
[BlackElo "2000"]
[PlyCount "69"]
[EventDate "2009.01.23"]
[EventType "swiss"]
[EventRounds "9"]
[EventCountry "ESP"]
[Source "lmi"]
[SourceDate "2009.01.23"]

1. e4 c5 2. Nf3 e6 3. d4 cxd4 4. Nxd4 a6 5. Nc3 Qc7 6. Bd3 Nc6 7. Nxc6 bxc6 8.
Qe2 e5 9. O-O Nf6 10. f4 Bc5+ 11. Kh1 d6 12. Na4 Ba7 13. b3 Ng4 14. h3 Qe7 15.
Bxa6 Bxa6 16. Qxa6 O-O 17. Qe2 h5 18. Qe1 Nf6 19. f5 d5 20. Bg5 Qd6 21. Rd1
Rfd8 22. exd5 cxd5 23. c4 d4 24. Nc3 Qc6 25. Bxf6 gxf6 26. Ne4 Kf8 27. Rd3 Bb6
28. a4 Ba5 29. Qe2 Ke7 30. Qf3 Rg8 31. Nxf6 Qxf6 32. Qb7+ Kd6 33. c5+ Kxc5 34.
Rc1+ Bc3 35. Rcxc3+ 1-0

[Event "34. Abierto Ciudad de Sevilla"]
[Site "Sevilla ESP"]
[Date "2009.01.24"]
[Round "2.13"]
[White "Ortega Valle, Jose Ramon"]
[Black "Pogorelov, Ruslan"]
[Result "0-1"]
[WhiteElo "2004"]
[BlackElo "2437"]
[PlyCount "70"]
[EventDate "2009.01.23"]
[EventType "swiss"]
[EventRounds "9"]
[EventCountry "ESP"]
[Source "lmi"]
[SourceDate "2009.01.23"]

1. e4 c5 2. Nf3 Nc6 3. Bb5 e6 4. O-O Nge7 5. d4 cxd4 6. Nxd4 Nxd4 7. Qxd4 Nc6
8. Bxc6 bxc6 9. c4 Qb6 10. Qc3 Qb4 11. Qd4 c5 12. Qd3 Be7 13. Bd2 Qb8 14. f4
O-O 15. Bc3 Qc7 16. Qg3 f6 17. Nd2 Bb7 18. Qg4 Rf7 19. f5 Qc6 20. Rae1 Re8 21.
Rf3 Bd8 22. Ref1 Qa6 23. Rh3 Ba5 24. Bxa5 Qxa5 25. Nb3 Qb6 26. Qh5 h6 27. Qg4
exf5 28. exf5 Re4 29. Rf4 Rfe7 30. Rd3 d5 31. Nd2 Re1+ 32. Rf1 Qxb2 33. cxd5
Ba6 34. Rxe1 Rxe1+ 35. Kf2 Re5 0-1

[Event "34. Abierto Ciudad de Sevilla"]
[Site "Sevilla ESP"]
[Date "2009.01.24"]
[Round "2.14"]
[White "Fernandez Romero, Ernesto"]
[Black "Aranaz Murillo, Amalia"]
[Result "1-0"]
[WhiteElo "2446"]
[BlackElo "1995"]
[PlyCount "65"]
[EventDate "2009.01.23"]
[EventType "swiss"]
[EventRounds "9"]
[EventCountry "ESP"]
[Source "lmi"]
[SourceDate "2009.01.23"]

1. e4 c6 2. Nf3 d5 3. exd5 cxd5 4. Ne5 Nc6 5. d4 Nf6 6. c3 Bf5 7. g4 Nxe5 8.
gxf5 Nc6 9. Nd2 g6 10. Bd3 Qc7 11. Nb3 e6 12. fxe6 fxe6 13. Bg5 Bg7 14. Qe2 Qd6
15. Nc5 Nd8 16. h4 b6 17. Bb5+ Kf7 18. Nd3 Rf8 19. O-O-O Nh5 20. Rde1 Nc6 21.
Rh3 a6 22. Rf3+ Kg8 23. Rxf8+ Kxf8 24. Bxc6 Qxc6 25. Qxe6 Qxe6 26. Rxe6 b5 27.
Nb4 h6 28. Be3 Nf6 29. Rxa6 Rxa6 30. Nxa6 Ne8 31. Nb4 Nf6 32. b3 Ke7 33. Nc6+
1-0

[Event "34. Abierto Ciudad de Sevilla"]
[Site "Sevilla ESP"]
[Date "2009.01.24"]
[Round "2.15"]
[White "Moya De La Flor, Daniel"]
[Black "Teran Alvarez, Ismael"]
[Result "0-1"]
[WhiteElo "1998"]
[BlackElo "2436"]
[PlyCount "46"]
[EventDate "2009.01.23"]
[EventType "swiss"]
[EventRounds "9"]
[EventCountry "ESP"]
[Source "lmi"]
[SourceDate "2009.01.23"]

1. e4 c5 2. Nf3 e6 3. d4 cxd4 4. Nxd4 Nc6 5. Nxc6 bxc6 6. c4 Nf6 7. Nc3 e5 8.
Be2 Bc5 9. Qd3 O-O 10. Qg3 Bd4 11. Bh6 Ne8 12. O-O Rb8 13. Rab1 d6 14. Nd1 f5
15. exf5 Bxf5 16. Bd3 Bxd3 17. Bg5 Bxb1 18. Bxd8 Rxd8 19. Nc3 Bg6 20. Ne2 Bc5
21. a3 Nf6 22. b4 Ne4 23. Qh4 Bxf2+ 0-1

[Event "34. Abierto Ciudad de Sevilla"]
[Site "Sevilla ESP"]
[Date "2009.01.24"]
[Round "2.17"]
[White "Galvez Paniagua, Rafael"]
[Black "Recuero Guerra, David"]
[Result "0-1"]
[WhiteElo "1991"]
[BlackElo "2435"]
[PlyCount "104"]
[EventDate "2009.01.23"]
[EventType "swiss"]
[EventRounds "9"]
[EventCountry "ESP"]
[Source "lmi"]
[SourceDate "2009.01.23"]

1. e4 c5 2. Nf3 Nc6 3. c3 d5 4. exd5 Qxd5 5. d4 Bg4 6. Be2 cxd4 7. cxd4 e6 8.
Nc3 Qa5 9. h3 Bh5 10. a3 Nf6 11. O-O Be7 12. Be3 O-O 13. b4 Qd8 14. Ne5 Bxe2
15. Nxe2 Nxe5 16. dxe5 Nd5 17. Bd4 b5 18. Qb3 Nf4 19. Nxf4 Qxd4 20. Nxe6 fxe6
21. Qxe6+ Rf7 22. Rad1 Qb6 23. Qb3 Rd8 24. e6 Rff8 25. Rd7 Rxd7 26. exd7+ Kh8
27. Qd5 a6 28. Kh1 Bd8 29. Qc5 Qxc5 30. bxc5 Kg8 31. Re1 Kf7 32. f4 Bc7 33. f5
Rd8 34. c6 a5 35. g4 Rb8 36. Kg2 b4 37. axb4 axb4 38. Kf3 b3 39. Ke4 b2 40. Rb1
Kf6 41. h4 Rb4+ 42. Kd5 Bb6 43. g5+ Kxf5 44. Kd6 Bd8 45. Kc5 Rb3 46. Kc4 Rb6
47. Kd5 g6 48. Kc5 Ke4 49. Re1+ Kd3 50. Re8 b1=Q 51. Rxd8 Qb4+ 52. Kd5 Qe4+ 0-1

[Event "34. Abierto Ciudad de Sevilla"]
[Site "Sevilla ESP"]
[Date "2009.01.24"]
[Round "2.18"]
[White "Hoffman, Alejandro"]
[Black "Morales Cano, Carlos"]
[Result "1/2-1/2"]
[WhiteElo "2425"]
[BlackElo "1947"]
[PlyCount "94"]
[EventDate "2009.01.23"]
[EventType "swiss"]
[EventRounds "9"]
[EventCountry "ESP"]
[Source "lmi"]
[SourceDate "2009.01.23"]

1. Nf3 Nf6 2. c4 e6 3. g3 d5 4. Bg2 Be7 5. O-O O-O 6. d4 Nbd7 7. Qc2 c6 8. Rd1
b6 9. b3 Bb7 10. Nc3 Rc8 11. e4 Nxe4 12. Nxe4 dxe4 13. Qxe4 Nf6 14. Qc2 Qc7 15.
Bf4 Bd6 16. Bxd6 Qxd6 17. c5 Qc7 18. b4 Nd5 19. Rab1 b5 20. Ng5 Nf6 21. h4 Rce8
22. Nf3 a5 23. bxa5 Ra8 24. a4 Rxa5 25. axb5 cxb5 26. Qe2 Nd5 27. Rb3 b4 28.
Ng5 Qd7 29. Re1 Rfa8 30. Qe4 g6 31. h5 Ra1 32. hxg6 Rxe1+ 33. Qxe1 hxg6 34. Ne4
Qa4 35. Rb1 Bc6 36. Qd2 b3 37. Qb2 Rb8 38. Nd2 Qa6 39. Bf1 Qc8 40. Qa3 e5 41.
dxe5 Nf4 42. Rxb3 Ra8 43. Qc1 Nh3+ 44. Bxh3 Qxh3 45. Nf3 Kg7 46. Qf1 Qg4 47.
Nh2 Rh8 1/2-1/2

[Event "34. Abierto Ciudad de Sevilla"]
[Site "Sevilla ESP"]
[Date "2009.01.24"]
[Round "2.19"]
[White "Martin Rodriguez, Jose Maria"]
[Black "Barria, Daniel"]
[Result "0-1"]
[WhiteElo "1974"]
[BlackElo "2419"]
[PlyCount "70"]
[EventDate "2009.01.23"]
[EventType "swiss"]
[EventRounds "9"]
[EventCountry "ESP"]
[Source "lmi"]
[SourceDate "2009.01.23"]

1. d4 Nf6 2. Nf3 e6 3. Bf4 c5 4. c3 Nc6 5. e3 Qb6 6. Qc2 Nh5 7. Bg3 d5 8. Be2
Nxg3 9. hxg3 h6 10. Nbd2 Bd7 11. O-O Be7 12. Rfe1 O-O 13. a3 a5 14. a4 Rac8 15.
Qb3 Qxb3 16. Nxb3 b6 17. Bb5 Rfd8 18. Nbd2 Kf8 19. Rac1 Nb8 20. Bxd7 Nxd7 21.
e4 cxd4 22. cxd4 dxe4 23. Nxe4 Nf6 24. Nc3 Bb4 25. Red1 Bxc3 26. Rxc3 Rxc3 27.
bxc3 Rc8 28. Rb1 Nd5 29. Ne5 Rxc3 30. Nd7+ Ke7 31. Nxb6 Nb4 32. Re1 Rc6 33. Na8
Kd8 34. Re5 Ra6 35. Nb6 Rxb6 0-1

[Event "34. Abierto Ciudad de Sevilla"]
[Site "Sevilla ESP"]
[Date "2009.01.24"]
[Round "2.20"]
[White "Komljenovic, Davorin"]
[Black "Gutierrez Valero, Mario"]
[Result "1-0"]
[WhiteElo "2418"]
[BlackElo "1942"]
[PlyCount "47"]
[EventDate "2009.01.23"]
[EventType "swiss"]
[EventRounds "9"]
[EventCountry "ESP"]
[Source "lmi"]
[SourceDate "2009.01.23"]

1. c4 Nf6 2. Nc3 g6 3. e4 Bg7 4. d4 d6 5. Nf3 O-O 6. Be2 e5 7. O-O Nc6 8. d5
Ne7 9. Ne1 Nd7 10. Nd3 f5 11. Bd2 Nf6 12. f3 a6 13. c5 f4 14. a4 g5 15. a5 Kh8
16. cxd6 cxd6 17. Na4 Nd7 18. Rc1 b5 19. axb6 Nxb6 20. Ba5 Rb8 21. Nxb6 Rxb6
22. Qe1 Bd7 23. Qf2 Nc8 24. Rxc8 1-0

[Event "34. Abierto Ciudad de Sevilla"]
[Site "Sevilla ESP"]
[Date "2009.01.25"]
[Round "3.2"]
[White "Santos Izquierdo, Francisco Javier"]
[Black "Spraggett, Kevin"]
[Result "1/2-1/2"]
[WhiteElo "2280"]
[BlackElo "2586"]
[PlyCount "69"]
[EventDate "2009.01.23"]
[EventType "swiss"]
[EventRounds "9"]
[EventCountry "ESP"]
[Source "lmi"]
[SourceDate "2009.01.23"]

1. e4 Nf6 2. e5 Nd5 3. d4 d6 4. Nf3 g6 5. Bc4 c6 6. O-O Bg7 7. h3 dxe5 8. dxe5
O-O 9. Qe2 Qc7 10. Re1 a5 11. a4 Na6 12. Bd2 Nc5 13. Bxd5 cxd5 14. Nc3 Be6 15.
Nd4 Rfd8 16. Bf4 Rac8 17. Bh2 Qd7 18. Ncb5 b6 19. Red1 Bh6 20. Qf3 Qb7 21. Bf4
Bg7 22. Qe3 Bd7 23. Bh6 Bh8 24. Bf4 Ne6 25. Nxe6 Bxe6 26. Nd4 Qd7 27. g4 Rc5
28. c3 Rdc8 29. Rd3 Rc4 30. b3 R4c5 31. Rad1 Bg7 32. Nb5 Qe8 33. Nd4 Qd7 34.
Nb5 Qe8 35. Nd4 1/2-1/2

[Event "34. Abierto Ciudad de Sevilla"]
[Site "Sevilla ESP"]
[Date "2009.01.25"]
[Round "3.3"]
[White "Salgado Lopez, Ivan"]
[Black "Robles Garcia, Claudia"]
[Result "1-0"]
[WhiteElo "2554"]
[BlackElo "2258"]
[PlyCount "87"]
[EventDate "2009.01.23"]
[EventType "swiss"]
[EventRounds "9"]
[EventCountry "ESP"]
[Source "lmi"]
[SourceDate "2009.01.23"]

1. b3 c5 2. Bb2 Nc6 3. Nf3 d6 4. e3 Bg4 5. h3 Bh5 6. c4 e6 7. d3 Nf6 8. Be2 h6
9. O-O Be7 10. Nbd2 O-O 11. Rc1 b6 12. Re1 Bg6 13. a3 Rc8 14. d4 d5 15. cxd5
Nxd5 16. Bb5 Nb8 17. dxc5 a6 18. Bf1 Bxc5 19. b4 Be7 20. Rxc8 Qxc8 21. Qa1 Bf6
22. Bxf6 Nxf6 23. Ne5 Bh7 24. Rc1 Qb7 25. Ndc4 Ne4 26. Qd4 b5 27. Na5 Qe7 28.
Bd3 Nf6 29. Bxh7+ Kxh7 30. Qc5 Qd8 31. Qc2+ Kg8 32. Rd1 Qb6 33. Qc5 Qxc5 34.
bxc5 Rc8 35. c6 Ne8 36. h4 h5 37. c7 Nxc7 38. Rc1 Kf8 39. Nb7 Ke7 40. Nxf7 Kd7
41. Ne5+ Ke7 42. e4 Nd7 43. Nc6+ Kf8 44. Na7 1-0

[Event "34. Abierto Ciudad de Sevilla"]
[Site "Sevilla ESP"]
[Date "2009.01.25"]
[Round "3.4"]
[White "Kurajica, Bojan"]
[Black "Van Hoolandt, Patrick"]
[Result "1-0"]
[WhiteElo "2552"]
[BlackElo "2235"]
[PlyCount "79"]
[EventDate "2009.01.23"]
[EventType "swiss"]
[EventRounds "9"]
[EventCountry "ESP"]
[Source "lmi"]
[SourceDate "2009.01.23"]

1. d4 Nf6 2. Nf3 e6 3. g3 b5 4. Qd3 a6 5. a4 b4 6. e4 Bb7 7. e5 Nd5 8. a5 c5 9.
dxc5 Nc6 10. Nbd2 Qc7 11. Nc4 Bxc5 12. Bg2 h6 13. h4 Rc8 14. b3 Na7 15. Bb2 Nb5
16. O-O O-O 17. Rae1 Bc6 18. Nh2 Qb7 19. Qd2 f5 20. exf6 Nxf6 21. Bxc6 Rxc6 22.
Qd3 Rcc8 23. Qg6 Nd4 24. Bxd4 Bxd4 25. Nd6 Qc7 26. Nxc8 Rxc8 27. Rd1 Ba7 28.
Rd2 Qc6 29. Ng4 Ne4 30. Nxh6+ Kh8 31. Nf7+ Kg8 32. Ne5 Qc3 33. Qf7+ Kh8 34.
Qh5+ Kg8 35. Rd3 Qxc2 36. Qf7+ Kh8 37. Rxd7 Bxf2+ 38. Rxf2 Qc1+ 39. Kg2 Qh6 40.
Ng4 1-0

[Event "34. Abierto Ciudad de Sevilla"]
[Site "Sevilla ESP"]
[Date "2009.01.25"]
[Round "3.5"]
[White "Barrantes Muñoz, Hugo Pedro"]
[Black "Strikovic, Aleksa"]
[Result "0-1"]
[WhiteElo "2217"]
[BlackElo "2533"]
[PlyCount "58"]
[EventDate "2009.01.23"]
[EventType "swiss"]
[EventRounds "9"]
[EventCountry "ESP"]
[Source "lmi"]
[SourceDate "2009.01.23"]

1. d4 d6 2. Nf3 g6 3. c4 Bg7 4. Nc3 Nf6 5. e4 O-O 6. h3 Nbd7 7. Be3 e5 8. d5
Nc5 9. Nd2 a5 10. g4 c6 11. Be2 Bd7 12. g5 Ne8 13. h4 f5 14. f3 Nc7 15. b3 Qe7
16. a3 Rfc8 17. Rb1 cxd5 18. cxd5 b5 19. Bxc5 dxc5 20. a4 b4 21. Na2 Rf8 22.
Nc4 Qd8 23. Nc1 fxe4 24. fxe4 Rf4 25. Nd2 h6 26. Nd3 hxg5 27. Nxf4 exf4 28. Bg4
Bc3 29. h5 Qe7 0-1

[Event "34. Abierto Ciudad de Sevilla"]
[Site "Sevilla ESP"]
[Date "2009.01.25"]
[Round "3.6"]
[White "Matamoros Franco, Carlos"]
[Black "Diaz Castro, Sergio"]
[Result "1-0"]
[WhiteElo "2532"]
[BlackElo "2223"]
[PlyCount "65"]
[EventDate "2009.01.23"]
[EventType "swiss"]
[EventRounds "9"]
[EventCountry "ESP"]
[Source "lmi"]
[SourceDate "2009.01.23"]

1. Nf3 g6 2. d4 Bg7 3. c4 Nf6 4. g3 d6 5. Nc3 Bg4 6. h3 Bxf3 7. exf3 O-O 8. d5
e6 9. Bg2 exd5 10. cxd5 Re8+ 11. Be3 Nh5 12. Qd2 c5 13. Ne2 Nd7 14. Rc1 b5 15.
g4 Nhf6 16. g5 Nh5 17. f4 f5 18. b3 Qe7 19. O-O a5 20. Rfe1 Qf7 21. Nc3 Bxc3
22. Qxc3 b4 23. Qd3 a4 24. Bd2 Nb6 25. Qb5 Rxe1+ 26. Rxe1 Nxd5 27. Qc6 Nc7 28.
Qxd6 Re8 29. Rxe8+ Nxe8 30. Qxc5 Nc7 31. Qxb4 axb3 32. Qb8+ Ne8 33. Bd5 1-0

[Event "34. Abierto Ciudad de Sevilla"]
[Site "Sevilla ESP"]
[Date "2009.01.25"]
[Round "3.7"]
[White "Prados Montaño, Antonio"]
[Black "Paunovic, Dragan"]
[Result "1/2-1/2"]
[WhiteElo "2210"]
[BlackElo "2526"]
[PlyCount "105"]
[EventDate "2009.01.23"]
[EventType "swiss"]
[EventRounds "9"]
[EventCountry "ESP"]
[Source "lmi"]
[SourceDate "2009.01.23"]

1. e4 c5 2. Nc3 e6 3. g3 Nc6 4. Bg2 Nf6 5. d3 Be7 6. f4 d6 7. Nf3 O-O 8. O-O
Rb8 9. Kh1 b5 10. e5 Ne8 11. Be3 b4 12. Ne2 Bb7 13. d4 cxd4 14. Nexd4 Qd7 15.
Qd2 a5 16. Rad1 Nxd4 17. Nxd4 Nc7 18. f5 Bxg2+ 19. Qxg2 Nd5 20. Bg1 dxe5 21.
fxe6 fxe6 22. Rxf8+ Kxf8 23. Nxe6+ Qxe6 24. Qxd5 Qxd5+ 25. Rxd5 Rc8 26. Rxe5
Rxc2 27. Rxa5 Rxb2 28. Ra7 Bf6 29. Bc5+ Ke8 30. Bd6 h5 31. h3 Bc3 32. Rb7 Kd8
33. Ra7 Rd2 34. Bf4 Re2 35. Bg5+ Ke8 36. Bf4 Kf8 37. Bd6+ Kg8 38. Rb7 Rb2 39.
Bc5 Kh7 40. Rb6 Be1 41. g4 hxg4 42. hxg4 Bd2 43. Bf8 g5 44. Be7 Rxa2 45. Bxb4
Bf4 46. Bd6 Rh2+ 47. Kg1 Rh4 48. Bxf4 Rxg4+ 49. Kf2 Rxf4+ 50. Kg3 Kg7 51. Ra6
Rf6 52. Rxf6 Kxf6 53. Kg4 1/2-1/2

[Event "34. Abierto Ciudad de Sevilla"]
[Site "Sevilla ESP"]
[Date "2009.01.25"]
[Round "3.8"]
[White "Campora Sivori, Daniel"]
[Black "Madeira, Wagner Martins"]
[Result "1/2-1/2"]
[WhiteElo "2522"]
[BlackElo "2212"]
[PlyCount "73"]
[EventDate "2009.01.23"]
[EventType "swiss"]
[EventRounds "9"]
[EventCountry "ESP"]
[Source "lmi"]
[SourceDate "2009.01.23"]

1. e4 d6 2. d4 Nf6 3. Nc3 g6 4. Bg5 Bg7 5. e5 Nfd7 6. exd6 cxd6 7. Nf3 O-O 8.
Qd2 Nf6 9. Be2 Bg4 10. h3 Bxf3 11. Bxf3 Nc6 12. O-O d5 13. Bxf6 Bxf6 14. Nxd5
Bxd4 15. c3 Bg7 16. Rfd1 e6 17. Ne3 Qxd2 18. Rxd2 Rfd8 19. Rad1 Rxd2 20. Rxd2
Rd8 21. Rxd8+ Nxd8 22. Nc4 Bf8 23. a4 f6 24. Kf1 Kf7 25. Ke2 Ke7 26. Na5 b6 27.
Nc6+ Nxc6 28. Bxc6 Bh6 29. Kd3 Kd6 30. Bb7 e5 31. Ba6 f5 32. f3 Bc1 33. b4 Ke6
34. Bc4+ Kf6 35. Bg8 h5 36. c4 Ba3 37. b5 1/2-1/2

[Event "34. Abierto Ciudad de Sevilla"]
[Site "Sevilla ESP"]
[Date "2009.01.25"]
[Round "3.9"]
[White "Sgnaolin, Davide"]
[Black "Rizouk, Aimen"]
[Result "1/2-1/2"]
[WhiteElo "2209"]
[BlackElo "2518"]
[PlyCount "80"]
[EventDate "2009.01.23"]
[EventType "swiss"]
[EventRounds "9"]
[EventCountry "ESP"]
[Source "lmi"]
[SourceDate "2009.01.23"]

1. e4 c5 2. c3 d6 3. d4 Nf6 4. Bd3 e5 5. dxc5 dxc5 6. Nf3 Nc6 7. h3 Be7 8. O-O
O-O 9. Qe2 Be6 10. Na3 a6 11. Nc4 Qc7 12. Ne3 b5 13. Ng5 c4 14. Bc2 Rad8 15.
Nxe6 fxe6 16. b3 Na5 17. bxc4 bxc4 18. Rb1 Kh8 19. g3 Rb8 20. Rxb8 Rxb8 21. Kh2
Nd7 22. h4 Qc6 23. Rd1 Rf8 24. Rf1 Nc5 25. Ba3 Rc8 26. f3 Bf6 27. Bb4 Ncb7 28.
Rd1 Qb5 29. a4 Qe8 30. Qd2 Rd8 31. Qe2 Rc8 32. Qd2 Rc7 33. Ng4 Nc6 34. Nxf6
gxf6 35. Qh6 Qf7 36. Ba3 Qg7 37. Qe3 Rc8 38. Qd2 Rg8 39. Qf2 Nca5 40. Rg1 Qc7
1/2-1/2

[Event "34. Abierto Ciudad de Sevilla"]
[Site "Sevilla ESP"]
[Date "2009.01.25"]
[Round "3.11"]
[White "Perez Garcia, Roberto"]
[Black "Ibarra Jerez, Jose Carlos"]
[Result "1/2-1/2"]
[WhiteElo "2191"]
[BlackElo "2513"]
[PlyCount "114"]
[EventDate "2009.01.23"]
[EventType "swiss"]
[EventRounds "9"]
[EventCountry "ESP"]
[Source "lmi"]
[SourceDate "2009.01.23"]

1. e4 c5 2. Nf3 e6 3. d4 cxd4 4. Nxd4 a6 5. c4 Nf6 6. Nc3 Qc7 7. a3 b6 8. Be3
Bb7 9. f3 d6 10. Rc1 Be7 11. Be2 O-O 12. O-O Nbd7 13. b4 Rfc8 14. Qd2 Rab8 15.
Rc2 Qd8 16. Nb3 Ne5 17. Na4 Ba8 18. Rd1 h5 19. Bd4 Nfd7 20. Nb2 h4 21. Be3 Rc7
22. f4 Ng6 23. Bf3 h3 24. g3 Nf6 25. Qd3 Rd7 26. Rcd2 Qc7 27. Nd4 Bf8 28. Bf2
e5 29. f5 Ne7 30. Nc2 Nxf5 31. exf5 e4 32. Qf1 exf3 33. Qxh3 Ne4 34. Rd4 Be7
35. Nd3 Bf6 36. Nf4 Nxf2 37. Kxf2 Re8 38. Ne3 Rde7 39. Ned5 Bxd5 40. Nxd5 Bxd4+
41. Rxd4 Re2+ 42. Kxf3 Qc6 43. Rh4 R8e3+ 44. Kf4 Re4+ 45. Kf3 Rxh4 46. Qxh4 Re5
47. f6 gxf6 48. Qxf6 Re6 49. Qd8+ Kg7 50. Qg5+ Rg6 51. Qf4 b5 52. Qd4+ Kh7 53.
Qh4+ Kg7 54. Qd4+ f6 55. Qa7+ Kh8 56. Qf7 Rg7 57. Qxf6 bxc4 1/2-1/2

[Event "34. Abierto Ciudad de Sevilla"]
[Site "Sevilla ESP"]
[Date "2009.01.25"]
[Round "3.13"]
[White "Pogorelov, Ruslan"]
[Black "Planas Gene, Juan"]
[Result "1-0"]
[WhiteElo "2451"]
[BlackElo "2169"]
[PlyCount "85"]
[EventDate "2009.01.23"]
[EventType "swiss"]
[EventRounds "9"]
[EventCountry "ESP"]
[Source "lmi"]
[SourceDate "2009.01.23"]

1. Nf3 Nf6 2. c4 g6 3. Nc3 Bg7 4. e4 d6 5. d4 O-O 6. Be2 e5 7. O-O Nc6 8. d5
Ne7 9. Ne1 Nd7 10. Be3 f5 11. f3 f4 12. Bf2 g5 13. a4 h5 14. a5 Nf6 15. c5 Rf7
16. cxd6 cxd6 17. Nb5 g4 18. Bxa7 gxf3 19. Bxf3 Bg4 20. Bb6 Qd7 21. Qa4 Nc8 22.
Bf2 Bf8 23. Nc3 Qd8 24. b4 Rg7 25. Kh1 Nh7 26. Qd1 Be7 27. g3 fxg3 28. Bxg3 Qf8
29. Ng2 Rf7 30. Bxg4 Rxf1+ 31. Qxf1 Qxf1+ 32. Rxf1 hxg4 33. Ne3 Bg5 34. Nxg4 b6
35. axb6 Nxb6 36. Nb5 Nc4 37. Nc7 Rb8 38. Be1 Bd2 39. Bxd2 Nxd2 40. Rg1 Kf7 41.
Ne6 Rxb4 42. Nh6+ Kf6 43. Ng8+ 1-0

[Event "34. Abierto Ciudad de Sevilla"]
[Site "Sevilla ESP"]
[Date "2009.01.25"]
[Round "3.14"]
[White "Carrabeo Garcia, Manuel"]
[Black "Fernandez Romero, Ernesto"]
[Result "0-1"]
[WhiteElo "2163"]
[BlackElo "2446"]
[PlyCount "152"]
[EventDate "2009.01.23"]
[EventType "swiss"]
[EventRounds "9"]
[EventCountry "ESP"]
[Source "lmi"]
[SourceDate "2009.01.23"]

1. d4 c5 2. dxc5 e6 3. Nd2 Qa5 4. c3 Qxc5 5. e4 Nf6 6. Bd3 Qc7 7. Ngf3 d6 8.
O-O Be7 9. Re1 Nbd7 10. Qe2 O-O 11. h3 e5 12. Nf1 Nc5 13. Ng3 Be6 14. Bc2 a6
15. Be3 b5 16. Bxc5 dxc5 17. Nf5 Rfe8 18. b3 Rab8 19. Rad1 h6 20. Rd2 Bf8 21.
Red1 Bxf5 22. exf5 e4 23. Nh2 Qe5 24. Ng4 Qxf5 25. Nxf6+ Qxf6 26. Bxe4 Qxc3 27.
Qg4 Qf6 28. Bd5 Re5 29. Rd3 Rf5 30. a4 Rxf2 31. Qg3 Rf4 32. axb5 axb5 33. Rf3
g5 34. Rxf4 Qxf4 35. Bxf7+ Kh8 36. Qxf4 gxf4 37. Kf2 Rb7 38. Bd5 Rg7 39. Rd3
Be7 40. Bc6 Bh4+ 41. Kf1 c4 42. bxc4 bxc4 43. Rd6 Rc7 44. Ke2 Be7 45. Re6 Kg7
46. Bd5 c3 47. Rc6 Rd7 48. Be4 Bf6 49. Bd3 Re7+ 50. Kd1 Ra7 51. Ra6 Rd7 52. Kc2
Rb7 53. Ra2 Be5 54. Be4 Rd7 55. Bd3 Rb7 56. Be4 Re7 57. Ra1 h5 58. Bf3 Kh6 59.
Ra6+ Kg5 60. Ra5 Kh4 61. Ra6 Rd7 62. Ra5 Re7 63. Ra6 Kg3 64. Ra4 Rd7 65. Ra5
Rd2+ 66. Kc1 Bd6 67. Ra6 h4 68. Ra5 Kf2 69. Ra4 Bc5 70. Rc4 Ba3+ 71. Kb1 Rb2+
72. Ka1 c2 73. Rc3 Rb1+ 74. Ka2 c1=Q 75. Rxc1 Rxc1 76. Kxa3 Rc3+ 0-1

[Event "34. Abierto Ciudad de Sevilla"]
[Site "Sevilla ESP"]
[Date "2009.01.25"]
[Round "3.15"]
[White "Teran Alvarez, Ismael"]
[Black "Torres Ventosa, Pedro Eugenio"]
[Result "0-1"]
[WhiteElo "2436"]
[BlackElo "2134"]
[PlyCount "38"]
[EventDate "2009.01.23"]
[EventType "swiss"]
[EventRounds "9"]
[EventCountry "ESP"]
[Source "lmi"]
[SourceDate "2009.01.23"]

1. c4 Nf6 2. Nf3 g6 3. Nc3 d5 4. cxd5 Nxd5 5. Qa4+ Bd7 6. Qh4 Nxc3 7. bxc3 Bg7
8. d4 c5 9. Bh6 Bf6 10. Qf4 Nc6 11. Qd2 Bg4 12. e3 Bxf3 13. gxf3 Qa5 14. Rb1 a6
15. Rxb7 cxd4 16. cxd4 Qh5 17. Bf4 Qxf3 18. Rg1 Nxd4 19. Rb1 Qe4 0-1

[Event "34. Abierto Ciudad de Sevilla"]
[Site "Sevilla ESP"]
[Date "2009.01.25"]
[Round "3.16"]
[White "Justiniano Marquez, Marco Antonio"]
[Black "Ivanov, Jordan"]
[Result "0-1"]
[WhiteElo "2140"]
[BlackElo "2436"]
[PlyCount "38"]
[EventDate "2009.01.23"]
[EventType "swiss"]
[EventRounds "9"]
[EventCountry "ESP"]
[Source "lmi"]
[SourceDate "2009.01.23"]

1. d4 Nf6 2. Nf3 d6 3. g3 Nbd7 4. Bg2 e5 5. dxe5 dxe5 6. O-O Bc5 7. b3 Qe7 8.
e3 e4 9. Nfd2 Nb6 10. Bb2 Bf5 11. Qc1 O-O-O 12. a4 h5 13. a5 Nbd5 14. Nc4 h4
15. Nc3 hxg3 16. hxg3 Bh3 17. Nxd5 Rxd5 18. Bxh3+ Rxh3 19. Re1 Qe6 0-1

[Event "34. Abierto Ciudad de Sevilla"]
[Site "Sevilla ESP"]
[Date "2009.01.25"]
[Round "3.19"]
[White "Garcia Muñoz, Raul"]
[Black "Komljenovic, Davorin"]
[Result "0-1"]
[WhiteElo "2135"]
[BlackElo "2418"]
[PlyCount "118"]
[EventDate "2009.01.23"]
[EventType "swiss"]
[EventRounds "9"]
[EventCountry "ESP"]
[Source "lmi"]
[SourceDate "2009.01.23"]

1. e4 c5 2. Nf3 d6 3. d4 cxd4 4. Qxd4 a6 5. c4 Nc6 6. Qd2 g6 7. Nc3 Bh6 8. Qc2
Bg7 9. Be3 Bg4 10. Rd1 Bxf3 11. gxf3 Qa5 12. Be2 Nf6 13. Qd2 Rc8 14. f4 O-O 15.
h4 b5 16. cxb5 axb5 17. a3 b4 18. axb4 Qxb4 19. h5 Nxe4 20. Nxe4 Qxe4 21. Rh3
Qg2 22. Bf1 Qe4 23. Be2 Nb4 24. hxg6 hxg6 25. Bf3 Qc4 26. Be2 Qe6 27. Rg3 Nc2+
28. Kf1 Nxe3+ 29. fxe3 Qb3 30. Bd3 Qxb2 31. Qxb2 Bxb2 32. f5 Be5 33. Rg4 Kg7
34. fxg6 f5 35. Rg5 e6 36. Ke2 Rh8 37. Rdg1 Rb8 38. Rb1 Rh2+ 39. Kf3 Rbh8 40.
Bf1 Bb2 41. Bg2 Rb8 42. Rh1 Rxh1 43. Bxh1 Rb3 44. Ke2 Rxe3+ 45. Kxe3 Bc1+ 46.
Kd3 Bxg5 47. Bc6 Kxg6 48. Kd4 Kf6 49. Bd7 Bc1 50. Bc8 Ba3 51. Bd7 Bc5+ 52. Kd3
d5 53. Bc6 Ke5 54. Bd7 Kd6 55. Bc8 f4 56. Ke2 e5 57. Kf3 Be3 58. Bb7 e4+ 59.
Ke2 Ke5 0-1

[Event "34. Abierto Ciudad de Sevilla"]
[Site "Sevilla ESP"]
[Date "2009.01.25"]
[Round "3.20"]
[White "Huerga Leache, Mikel"]
[Black "Durao, Joaquim"]
[Result "1-0"]
[WhiteElo "2418"]
[BlackElo "2112"]
[PlyCount "95"]
[EventDate "2009.01.23"]
[EventType "swiss"]
[EventRounds "9"]
[EventCountry "ESP"]
[Source "lmi"]
[SourceDate "2009.01.23"]

1. e4 e5 2. Nf3 Nc6 3. Bb5 a6 4. Ba4 Nf6 5. O-O Be7 6. Re1 b5 7. Bb3 O-O 8. c3
d5 9. exd5 Nxd5 10. Nxe5 Nxe5 11. Rxe5 c6 12. d4 Bd6 13. Re1 Qh4 14. g3 Qh3 15.
Be3 Bg4 16. Qd3 f5 17. f4 g5 18. Qf1 Qh5 19. a4 Rae8 20. Nd2 Kh8 21. Bxd5 cxd5
22. axb5 axb5 23. Ra6 gxf4 24. Bxf4 Bh3 25. Rxe8 Rxe8 26. Qf3 Re1+ 27. Kf2 Bg4
28. Kxe1 Bxf3 29. Rxd6 Bd1 30. Re6 Kg7 31. h4 Bc2 32. Kf2 Qd1 33. Re1 Qh5 34.
Re7+ Kf6 35. Bg5+ Qxg5 36. hxg5+ Kxe7 37. Ke3 Ke6 38. Kf4 Bd3 39. Nf3 Be4 40.
Nh4 Bc2 41. g6 hxg6 42. Kg5 Be4 43. Nxg6 Kf7 44. Nf4 Kg7 45. Ne6+ Kf7 46. Nc7
b4 47. cxb4 Ke7 48. Nb5 1-0